TV Show Opening Credits III Quiz Stats

 Plays Quiz Updated Mar 26, 2014

Support Sporcle.
Go Orange.
Score 0/20 Timer 05:00
1 Play Today
% Correct
Family Guy
92.7%
The Brady Bunch
90.8%
Gilligan's Island
81%
Sex and the City
78.1%
The Dukes of Hazzard
75%
The Cosby Show
74.5%
All in the Family
72.2%
M*A*S*H
70.9%
The Andy Griffith Show
70.8%
The Love Boat
69.9%
% Correct
Happy Days
67.6%
The Twilight Zone
58.7%
The Mary Tyler Moore Show
55.3%
Hogan's Heroes
54.8%
Nip/Tuck
36.9%
Magnum, P.I.
36%
Sanford and Son
33.5%
The Walking Dead
16.7%
One Tree Hill
9.4%
The Newsroom
8.4%

You're not logged in!

Compare scores with friends on all Sporcle quizzes.
OR
Log In
Forgot?

From the Vault

Provinces and Territories of Canada (Redux)

by quizzapie

Clickable quizzes are great since you don't have to remember how to spell Saskatchewan.
Remove Ads.
Support Sporcle.
Get the best of Sporcle when you Go Orange. This ad-free experience offers more features, more stats, and more fun while also helping to support Sporcle. Thank you for becoming a member.

Show Comments

Extras

Top Quizzes Today


Score Distribution

Your Account Isn't Verified!

In order to create a playlist on Sporcle, you need to verify the email address you used during registration. Go to your Sporcle Settings to finish the process.

Report this User

Report this user for behavior that violates our Community Guidelines.

Details: